000 01826nam a2200241Ia 4500
008 260220t1999||||xx |||||||||||||| ||spa||
040 _aPY-SlUNAC
_bspa
_erda
041 _aspa
082 _a618.2
_bF391a
100 _aFernández Barriocanal, Haydee Beatriz
_eAutor
245 0 _aAtención materna en hospital de primer nivel de referencia del Paraguay /
_cpor Haydee Beatriz Fernández Barriocanal [Autor]
264 _aAsunción :
_bEditorial EFACIM,
_c℗1999.
300 _a1 volumen
520 _aEl libro "Atención materna en hospital de primer nivel de referencia del Paraguay", de Haydee Beatriz Fernández Barriocanal, analiza la calidad y los desafíos de la atención materna en un contexto hospitalario específico del Paraguay. A través de un enfoque detallado, la autora examina los protocolos de atención, la formación del personal de salud y la infraestructura disponible, resaltando la importancia de brindar cuidados adecuados durante el embarazo, el parto y el posparto. Además, se abordan cuestiones como la accesibilidad a los servicios de salud, la capacitación del personal y la necesidad de una atención centrada en la mujer, destacando brechas y áreas de mejora en el sistema de salud pública. La obra también propone recomendaciones para optimizar la atención materna, subrayando la relevancia de políticas que promuevan el bienestar de las mujeres y los recién nacidos. Este estudio es fundamental para entender la situación de la salud materna en Paraguay y contribuir a futuras investigaciones y mejoras en el sector.
653 _aAtención materna
653 _aHospitales
653 _aSalud materna
942 _b2026/02/17
_cBK
999 _c8523
_d8523